| 000 | 00579nam a2200217Ia 4500 | ||
|---|---|---|---|
| 005 | 20250923145229.0 | ||
| 008 | 008 250917s9999 xx 000 0 eng d | ||
| 037 | _aTextual | ||
| 040 |
_aDSWL _beng _cDSWL |
||
| 041 |
_aeng _2eng |
||
| 084 |
_aL54, N70 _qDSWL |
||
| 100 |
_aStone, H.M. _9833141 |
||
| 245 | 2 |
_aA marriage Manual _cby H.M. Stone |
|
| 260 |
_aLondon _bVictor Gollanez Ltd. _c1970 |
||
| 300 | _axiv,334p. | ||
| 365 |
_aINR _b30 |
||
| 700 |
_aA. Stone _9833142 |
||
| 925 | _g30 | ||
| 942 |
_cTEXL _hL54, N70 |
||
| 999 |
_c1448725 _d1448725 |
||